Government of Washington State (Record no. 81109)
[ view plain ]
| 000 -LEADER | |
|---|---|
| fixed length control field | 01059cam4a220022900 4500 |
| 001 - CONTROL NUMBER | |
| control field | lce00595548 |
| 008 - FIXED-LENGTH DATA ELEMENTS--GENERAL INFORMATION | |
| fixed length control field | 740502r19671951wauab 000 0 eng |
| 010 ## - LIBRARY OF CONGRESS CONTROL NUMBER | |
| LC control number | 67001485 //r89 |
| 035 ## - SYSTEM CONTROL NUMBER | |
| System control number | (Sirsi) r80703 |
| 035 ## - SYSTEM CONTROL NUMBER | |
| System control number | (DLC) 67001485 //r89 |
| 035 ## - SYSTEM CONTROL NUMBER | |
| System control number | (UPRA)lce00595548 |
| 043 ## - GEOGRAPHIC AREA CODE | |
| Geographic area code | n-us-dc |
| 050 0# - LIBRARY OF CONGRESS CALL NUMBER | |
| Classification number | JK9225.1967 |
| Item number | .A95 |
| 082 ## - DEWEY DECIMAL CLASSIFICATION NUMBER | |
| Classification number | 353.9797 |
| 100 1# - MAIN ENTRY--PERSONAL NAME | |
| Personal name | Avery, Mary W. (Mary Williamson), 1907-1975. |
| Fuller form of name | Avery, Mary W. (Mary Williamson), 1907-1975. |
| Dates associated with a name | Avery, Mary W. (Mary Williamson), 1907-1975. |
| Linkage | A40425.1 |
| 245 10 - TITLE STATEMENT | |
| Title | Government of Washington State |
| Statement of responsibility, etc. | [by] Mary W. Avery. |
| 260 ## - PUBLICATION, DISTRIBUTION, ETC. | |
| Place of publication, distribution, etc. | Seattle, |
| Name of publisher, distributor, etc. | University of Washington Press |
| Date of publication, distribution, etc. | [1967, c1966] |
| 500 ## - GENERAL NOTE | |
| General note | Published in 1951, 1955, and 1957 under title: Government of the State of Washington; published in 1961 as the government section of History and government of the State of Washington. |
| 651 #0 - SUBJECT ADDED ENTRY--GEOGRAPHIC NAME | |
| Geographic name | Washington (State) -- Politics and government. |
| General subdivision | Washington (State) -- Politics and government. |
| Linkage | S32071.1 |
| 949 ## - LOCAL PROCESSING INFORMATION (OCLC) | |
| a | JK9225.1967 |
| w | lcc |
| i | -111567 |
| m | MAIN |
| t | BOOK |
| l | ON-SHELF |
No items available.